Krstili "ústavnú" knihu

Bibliographic Details
Main Author: fox (Author)
Format: Article
Language:Slovak
Subjects:

MARC

LEADER 00000nab a2200000 a 4500
001 vtls000898488
003 SK-MaSNL
005 20260302174814.0
008 040720e19980908xo 0 slo
035 |a KE7495 
040 |a KEVKJB  |b slo  |c KEVKJB  |e AACR2 
041 0 |a slo 
044 |a xo  |c SK 
080 |a 342.511  |2 1981 
100 0 |a fox  |4 aut  |9 879197 
245 1 0 |a Krstili "ústavnú" knihu 
590 |a Orosz, Ladislav  |b poslanec NR SR 
590 |a Šimuničová, Katarína  |b spisovateľka 
600 1 7 |a Orosz, Ladislav,  |d 1959-  |2 KEVKJB  |9 209825 
600 1 7 |a Šimuničová, Katarína  |2 KEVKJB  |9 47155 
650 0 7 |a právo  |2 KEVKJB  |9 976 
650 0 7 |a Prezident v ústavnom systéme slovenskej republiky (kniha)  |2 KEVKJB  |9 885193 
650 0 7 |a prezentácia kníh  |2 KEVKJB  |9 862333 
650 0 7 |a informácie  |2 KEVKJB  |9 1285 
651 7 |a Košice (Slovensko)  |2 KEVKJB  |9 18694 
651 7 |a KE,  |2 KEVKJB  |9 877256 
655 7 |a periodikum  |2 snkbucl  |9 29553 
773 0 8 |t Košický večer  |g Roč. 9  |g Roč. 30, č.172, 8.9.1998, s. 2 
852 |a ZVYKNI  |b KIS3GCP 
999 |c 1405113  |d 1407043